000 00940cam5a220026500 4500
001 lcf00036523
008 840523s1969 gw a b 000 0 ger
010 _a 72317240 //r84
015 _aGDB69-A46-687
020 _cDM8.90
035 _a(Sirsi) r12080
035 _a(DLC) 72317240 //r84
035 _a(UPRA)lcf00036523
040 _aDLC/ICU
_cICU
050 0 _aQA246
_b.S39
100 1 _aSchwarz, Wolfgang, 1934-
_dSchwarz, Wolfgang, 1934-
_6A66519.1
245 1 0 _aEinfuhrung in Methoden und Ergebnisse der Primzahltheorie.
260 _aMannheim, Wien, Zurich,
_aMannheim, Wien, Zurich,
_aMannheim, Wien, Zurich,
_bBibliographisches Inst.
_c(1969)
490 1 _aB.I.-Hochschultaschenbucher,
_v278/278a
504 _aBibliography: p. [218]-224.
650 0 _aNumbers, Prime.
_6S35369.1
830 0 _aB. I.-Hochschultaschenbucher ;
_v278/278a.
_6S10611.1
949 _aQA246
_wlcc
_i-4881
_mMAIN
_tBOOK
_lON-SHELF
004 12080
999 _c142834
_d142834